000
00197nam a22000977a 4500
999
_c
533523
_d
533523
040
_c
dlc
082
_a
813.6
100
_a
Heidi Julavits
_9
27464
245
_a
The Mineral Palace
942
_2
ddc
_c
BK